000 00783nam a2200217 a 4500
003 0
005 20250203083714.0
008 130817s19uu xx 00 eng d
050 _aPHS TD 196.M4
_b.J54 2013
100 _aJeon, You Tae
245 _aPhytoremediation of lead using Pistia stratiotes linn /
_cJeon You Tae.
260 _aLas PiƱas City, Philippines :
_bSouthville International School and Colleges,
_c2013.
300 _a49 p. :
_bill. ;
_c28 cm.
504 _aIncludes bibliographical references.
650 _aWater pollution
_vHeavy metals.
650 _aPhytoremediation.
650 _aWater hyacinth (Pistia stratiotes)
_vEnvironmental aspects.
650 _aLead
_vEnvironmental aspects.
650 _aHeavy metals
_vEnvironmental aspects.
942 _2lcc
_cPASS
999 _c98939
_d98939